| 000 | 00477 a2200157 4500 | ||
|---|---|---|---|
| 003 | Nust | ||
| 005 | 20170207154214.0 | ||
| 040 | _cNust | ||
| 082 | _a378.4 | ||
| 245 |
_aWrittlr College _bWrittlr College |
||
| 260 |
_aEssex _bUni of Essex _c2001 |
||
| 300 | _a97 p. | ||
| 505 | _aThe College (page-7) Student Life (page-11) Resources for Learning (page-17) Study Programmes (page-27) General Information (page-83) | ||
| 538 | _aAlmirah No. 117 Shelf No. 2 | ||
| 650 | _aUG Prospectus | ||
| 942 |
_2ddc _cBK |
||
| 999 |
_c195019 _d195019 |
||